1529 1656 1667 1559 1980 1040 1044 1782 1556 1068 1185 1521 1159 1945 1351 1239 1161 1984 1639 1919 1909 1953 1913 1910 1247 1455 1577 1824 1570 1721 1954 1800 1855 1944 1326 1112 1821 1188 1799 1203 1075 1479 1636 1388 1070 1125 1068 1139 1709 1417 1945 1270 1594 1499 1556 1439 1360 1283 1221 1200 1781 1316 1251 1773 1538 1997 1719 1247 1726 1705 1448 1915 1062 1804 1870 1576 1330 1499 1348 1543 1462 1368 1807 1492 1361 1816 1340 1618 1928 1686 1426 1446 1153 1339 1218 1386 1421 1861 1370 BCNSPRNW ULIB Ver.6.0+V

เปลี่ยนเป็นภาษาไทย

Change to English
 แสดงรายละเอียดบรรณานุกรม
  กลับหน้าหลัก

Brief Record : Get Marc (ISO 2709) : E-mail record : QR code < ปิดหน้าต่าง
LEADER : 00000nam a2200000Ia 4500
001    13399114800
003     ULIB
008    110616s2554 th a 000 0 tha d
020    ^a9789741114405
060  4 ^aWA100^bส743
245 00 ^aสุขภาพคนไทย 2554 :^bเอชไอเอ กลไกพัฒนานโยบายสาธารณะเพื่อชีวิตและสุขภาพ /^cชื่นฤทัย กาญจนะจิตรา ... [และคนอื่นๆ]
246 30 ^aเอชไอเอ กลไกพัฒนานโยบายสาธารณะเพื่อชีวิตและสุขภาพ
250    ^aพิมพ์ครั้งที่ 1
260    ^aนครปฐม :^bสถาบันวิจัยประชากรและสังคม มหาวิทยาลัยมหิดล,^c2554
300    ^a120 หน้า :^bภาพประกอบ ;^c30 ซม.
490 1  ^aเอกสารทางวิชาการ / สถาบันวิจัยประชากรและสังคม มหาวิทยาลัยมหิดล ;^vหมายเลข 377
500    ^aชื่อเรื่องจากปก : เอชไอเอ กลไกพัฒนานโยบายสาธารณะเพื่อชีวิตและสุขภาพ
536    ^aสนับสนุนโดย สำนักงานกองทุนสนับสนุนการสร้างเสริมสุขภาพ (สสส.) และ สำนักงานคณะกรรมการสุขภาพแห่งชาติ (สช.)
650  4 ^aนโยบายสาธารณะ
650  4 ^aนโยบายด้านสาธารณสุข
650  4 ^aดัชนีสุขภาพ
650  4 ^aการส่งเสริมสุขภาพ
700 0  ^aชื่นฤทัย กาญจนะจิตรา
700 0  ^aชาย โพธิสิตา
700 0  ^aกฤตยา อาชวนิชกุล
700 0  ^aเฉลิมพล แจ่มจันทร์
700 0  ^aกุลวีณ์ ศิริรัตน์มงคล
700 0  ^aปาณฉัตร ทิพย์สุข
700 0  ^aสาสินี เทพสุวรรณ์
710 2  ^aมหาวิทยาลัยมหิดล. ^bสถาบันวิจัยประชากรและสังคม
710 2  ^aสำนักงานกองทุนสนับสนุนการสร้างเสริมสุขภาพ (สสส.)
710 2  ^aสำนักงานคณะกรรมการสุขภาพแห่งชาติ (สช.)
830  0 ^aเอกสารทางวิชาการ (มหาวิทยาลัยมหิดล. สถาบันวิจัยประชากรและสังคม) ;^vหมายเลข 377
945    ^p0^l0^i031797
995    ^aเกษร
999 ^a ใช้งานได้ทุกระบบ
รายการนี้ยังไม่มีแท็ก
คุณยังไม่ได้ล็อกอิน คุณสามารถมีกิจกรรมร่วมกับเว็บไซต์ได้ แต่ต้องล็อกอินก่อน ::
  ล็อกอิน

รายการสื่อสารสนเทศ

ลำดับที่ ประเภท เลขเรียก/บาร์โค้ด สถานที่ สถานะ
1. วิทยาศาสตร์การแพทย์ และสุขภาพ
วิทยาศาสตร์การแพทย์ และสุขภาพ
WA100 ส743 ฉ.1 
  Barcode: 031797
ห้องสมุดวิทยาเขตสวรรค์ประชารักษ์
►ส่วนจัดเก็บหนังสือเก่า สปร
บนชั้น
  ขอยืม

รายการใกล้เคียง
    หัวเรื่อง [นโยบายสาธารณะ]
    หัวเรื่อง [นโยบายด้านสาธารณสุข]
    หัวเรื่อง [ดัชนีสุขภาพ]
    หัวเรื่อง [การส่งเสริมสุขภาพ]

BibComment


ยังไม่เคยถูกคอมเมนท์

คอมเมนท์ทรัพยากรรายการนี้
  คอมเมนท์: สุขภาพคนไทย 2554..


 Copyright 2026. Bcnsprnw @Library